Animal numbers /

A counting book in which animals both exotic and familiar are shown with the specified number of infants.

Bibliographic Details
Main Author: Kitchen, Bert
Format: Book
Language:English
Published: New York : Dial Books, [1987]
Edition:1st ed.
Subjects:

MARC

Tag First Indicator Second Indicator Subfields
LEADER 00000cam a2200000 a 4500
001 in00000018570
005 20151007053300.0
008 870220s1987 nyua j 00010 eng
010 |a  87005365  
020 |a 0803704593 
035 |a (OCoLC)15316939 
035 |9 AAB1070AM 
040 |a DLC  |c DLC  |d TXA  |d UtOrBLW 
049 |a [Curr Col] TXAM  |c [A11058526] 
050 0 0 |a QA113  |b .K58 1987 
082 0 |a 513/.2  |a E  |2 19 
100 1 |a Kitchen, Bert. 
245 1 0 |a Animal numbers /  |c Bert Kitchen. 
250 |a 1st ed. 
264 1 |a New York :  |b Dial Books,  |c [1987] 
264 4 |c ©1987 
300 |a 24 unnumbered pages :  |b color illustrations ;  |c 32 cm. 
336 |a text  |b txt  |2 rdacontent 
337 |a unmediated  |b n  |2 rdamedia 
338 |a volume  |b nc  |2 rdacarrier 
520 |a A counting book in which animals both exotic and familiar are shown with the specified number of infants. 
650 0 |a Counting  |v Juvenile literature. 
650 1 |a Counting. 
650 1 |a Animals  |x Infancy. 
999 |a MARS 
999 f f |s cfc3bd29-0e00-3967-a0d6-8a157bd39f61  |i 49856586-0b75-36c0-83d0-9d90c5d2a534  |t 0 
952 f f |p ric  |a Texas A&M University  |b Rellis Campus  |c Joint Library Facility  |d Remote Storage  |t 0  |e QA113 .K58 1987  |h Library of Congress classification  |i unmediated -- volume  |m A14811058526 
998 f f |a QA113 .K58 1987  |t 0  |l Remote Storage